Cyrano de Bergerac - Complétez la tirade du nez - Statistiques

Statistiques générales
  • Ce quiz a été pris 45 fois
  • Le résultat moyen est 32 sur 54
Statistiques - réponses
Cyrano de Bergerac % Correct
Agressif : « Moi, monsieur, si j’avais un tel {nez},
98%
En variant le {ton}, — par exemple, tenez :
93%
Que dis-je, c’est un cap ?… C’est une {péninsule} ! »
93%
Ah ! non ! c’est un peu {court}, jeune homme !
90%
Amical : « Mais il doit {tremper} dans votre tasse !
88%
On pouvait dire… Oh ! Dieu !… bien des choses en {somme}…
85%
Descriptif : « C’est un roc !… c’est un {pic} !… c’est un cap !
83%
Dramatique : « C’est la Mer {Rouge} quand il saigne ! »
80%
Sans qu’un voisin ne crie au feu de {cheminée} ? »
80%
Vous n’avez que les trois qui forment le mot : {sot} !
80%
Gracieux : « Aimez-vous à ce point les {oiseaux}
78%
— Voilà ce qu’à peu près, mon {cher}, vous m’auriez dit
78%
De tendre ce {perchoir} à leurs petites pattes ? »
75%
Il faudrait sur-le-champ que je me l’{amputasse} ! »
73%
C’est là ce qui s’appelle avoir {pignon} sur rue ! »
70%
Mais je ne permets pas qu’un {autre} me les serve.
70%
Par ce poids, de {tomber} en avant sur le sol ! »
70%
Cavalier : « Quoi, l’ami, ce croc est à la {mode} ?
65%
Pour boire, faites-vous fabriquer un {hanap} ! »
65%
D’écritoire, monsieur, ou de boîte à {ciseaux} ? »
63%
Je me les sers moi-même, avec assez de {verve},
63%
Prévenant : « Gardez-vous, votre {tête} entraînée
63%
Tendre : « Faites-lui faire un petit {parasol}
63%
Curieux : « De quoi sert cette {oblongue} capsule ?
60%
De peur que sa couleur au soleil ne se {fane} ! »
60%
« Le voilà donc ce nez qui des traits de son {maître}
60%
Si vous aviez un peu de {lettres} et d’esprit :
60%
Naïf : « Ce {monument}, quand le visite-t-on ? »
58%
Que paternellement vous vous {préoccupâtes}
58%
{Appelle} Hippocampelephantocamélos
55%
La vapeur du {tabac} vous sort-elle du nez
55%
Truculent : « Çà, monsieur, lorsque vous {pétunez},
55%
T’enrhumer tout entier, excepté le {mistral} ! »
53%
Dut avoir sous le {front} tant de chair sur tant d’os ! »
50%
Militaire : « Pointez contre {cavalerie} ! »
50%
Pédant : « L’{animal} seul, monsieur, qu’Aristophane
50%
Pour pendre son {chapeau}, c’est vraiment très commode ! »
48%
Admiratif : « Pour un {parfumeur}, quelle enseigne ! »
45%
Lyrique : « Est-ce une conque, êtes-vous un {triton} ? »
45%
Mais d’esprit, ô le plus {lamentable} des êtres,
45%
Vous n’en eûtes jamais un {atome}, et de lettres
45%
A détruit l’{harmonie} ! Il en rougit, le traître ! »
43%
{Campagnard} : « Hé, ardé ! C’est-y un nez ? Nanain !
43%
De la moitié du {commencement} d’une, car
43%
Emphatique : « Aucun vent ne peut, nez {magistral},
43%
Enfin parodiant Pyrame en un {sanglot} :
43%
Pratique : « Voulez-vous le mettre en {loterie} ?
43%
{Assurément}, monsieur, ce sera le gros lot ! »
40%
C’est queuqu’navet géant ou ben queuqu’{melon} nain ! »
35%
Pour pouvoir là, devant ces nobles {galeries},
33%
Que vous n’en eussiez pas {articulé} le quart
28%
Eussiez-vous eu, d’ailleurs, l’{invention} qu’il faut
25%
Me servir toutes ces {folles} plaisanteries,
25%
Respectueux : « {Souffrez}, monsieur, qu’on vous salue,
20%
Aucun quiz correspondant
Distribution des résultats
% des personnes avec chaque résultat
Percentile par nombre de réponses
Votre historique - résultats
Vous n’avez pas pris ce quiz